| 000 | 00770cam a2200277 4500 | ||
|---|---|---|---|
| 001 | J2197 | ||
| 008 | 090401t1994 xxu||||| |||| 00| 0 eng d | ||
| 035 | _a(Sirsi) u47738 | ||
| 041 | _aeng | ||
| 050 | _a333.332 | ||
| 110 |
_aRichards Butler _91595 |
||
| 245 | _aCommercial property banking survey: loan valuations: survey results. | ||
| 260 |
_aLondon _bRichards Butler _c1994 |
||
| 300 | _a7p. ; 30cm. | ||
| 350 | _a20 | ||
| 650 | _aPROPERTY-COMMERCIAL PROPERTY | ||
| 650 | _aESTIMATED REALISATION PRICE | ||
| 650 | _aLOAN VALUATIONS | ||
| 650 | _aOPEN MARKET VALUE | ||
| 650 | _aRICS APPRAISAL AND VALUATION MANUAL | ||
| 650 |
_aValuation _96273 |
||
| 690 | _aRATING AND VALUATION | ||
| 710 |
_aGerald Eve _9151 |
||
| 942 | _n0 | ||
| 948 | _c04/03/1997 | ||
| 999 |
_c92185 _d92185 |
||